000 00719cam a2200265 i 4500
001 0000898
003 DO-SdBNP
005 20180216101811.0
007 0000898
008 100514s 2006 sp a | |||| 000 f spa
015 _a
017 _a
_b
020 _a8423680495
035 _a
040 _aBPMSU
_bspa
_cBPMSU
_e
080 _a
100 1 _aPlaza, José María
245 1 0 _a¿Quién era Cristóbal Colón? /
_h
_cJosé María Plaza ; ilustración Natascha S. Rosenberg
260 _aBarcelona, España :
_bEdebé,
_c2006.
300 _a48 p.:
_bil.
_c31 cm.
700 1 2 _aRosenberg, Natascha S.
_eil.
942 _2ddc
_cBK
945 _ainventariado, 2018 / dg
956 _aYLOCKWARD
_810
_cBPMSU
999 _c12355
_d12355